000 00618cam a22002171 4500
001 sa 64007942
003 DLC
005 20260227112051.0
008 850416s1960 io f000 0 ind
010 _asa 64007942
035 _a(OCoLC)11926989
040 _aDLC
_cIDeKN
_dDLC
042 _apremarc
043 _aa-io---
050 0 0 _aDS644
_b.2 1960.S99
100 0 _aSoekarno,
_d1901-1970.
245 1 0 _aTjeramah Soekarno kepada peladjar-peladjar di Surakarta tanggal 26 Djuli 1960.
260 _aDjakarta :
_bDepartemen Penerangan,
_c1960?
300 _a30 p. ;
_c23 cm.
440 0 _aPenerbitan chusus ;
_v137
999 _c60603
_d60603